ბათუმის შოთა რუსთაველის სახელმწიფო უნივერსიტეტის ბიბლიოთეკა

ინტეგრირებული მარკეტინგული კომუნიკაციების განვითარების პერსპექტივები და თავისებურებები საქართველოში / (ბიბ.ჩანაწერი № 51647)

000 -ლიდერი
ფიქსირებული სიგრძის საკონტროლო ველი 01811nam a2200253Ia 4500
001 - საკონტროლო ნომერი
საკონტროლო ველი 18638
003 - საკონტროლო ნომრის იდენტიფიკატორი
საკონტროლო ველი GE_BSU
005 - ბოლო ოპერაციის თარიღი და დრო
საკონტროლო ველი 20210406122458.0
008 - ფიქსირებული სიგრძის მონაცემთა ელემენტები - ზოგადი ინფორმაცია
ფიქსირებული სიგრძის საკონტროლო ველი 181216s2016||||ge |||||||||||||| ||geo||
040 ## - კატალოგიზაციის წყარო
Transcribing agency GE_BSU
041 ## - ენის კოდი
Language code of text/sound track or separate title geo
080 ## - უნივერსალური ათობითი კლასიფიკაციის ინდექსი
Universal Decimal Classification number 33 ვ-25
100 ## - მთავარი ჩანაწერი - პიროვნების სახელი
Personal name ვაშაყმაძე, დიანა
9 (RLIN) 11096
245 ## - ცნობა სათაურის შესახებ
Title ინტეგრირებული მარკეტინგული კომუნიკაციების განვითარების პერსპექტივები და თავისებურებები საქართველოში /
Statement of responsibility, etc დიანა ვაშაყმაძე;სამეცნიერო ხელმძღვანელი ეკატერინე ბახტაძე; ბათუმის შოთა რუსთაველის სახ. უნ-ტი
264 ## - წარმოების, გამოცემის, დისტრიბუციის და სხვა ცნობები
გამოცემის, წარმოების, დისტრიბუციის... ადგილი ბათუმი :
გამოცემის, წარმოების, დისტრიბუციის... სახელწოდება ბათუმის შოთა რუსთაველის სახ. უნ-ტის გამ-ბა,
გამოცემის, წარმოების, დისტრიბუციის... თარიღი 2016.
300 ## - ფიზიკური აღწერა
Extent 169 გვ.;
Other physical details 30 სმ.
504 ## - BIBLIOGRAPHY, ETC. NOTE
Bibliography, etc ბიბლიოგრ. გვ. 148-159
653 ## - INDEX TERM--UNCONTROLLED
Uncontrolled term დისერტაცია
653 ## - INDEX TERM--UNCONTROLLED
Uncontrolled term ეკონომიკა
653 ## - INDEX TERM--UNCONTROLLED
Uncontrolled term ინტეგრირებული მარკეტინგული კომუნიკაციების განვითარების პერსპექტივები და თავისებურებები საქართველოში
700 ## - ADDED ENTRY--PERSONAL NAME
Personal name ბახტაძე, ეკატერინე
Relator term სამეცნიერო ხელმძღვანელი
9 (RLIN) 11097
710 ## - ADDED ENTRY--CORPORATE NAME
Corporate name or jurisdiction name as entry element ბსუ
Subordinate unit ეკონომიკისა და ბიზნესის ფაკულტეტი
9 (RLIN) 10751
942 ## - ADDED ENTRY ELEMENTS (KOHA)
Koha item type წიგნი
Source of classification or shelving scheme
ეგზემპლარები
ჩამოწერის სტატუსი დაკარგული ეგზემპლარის სტატუსი კლასიფიკაციის წყარო ან თაროზე გაწყობის სქემა დაზიანების სტატუსი არ გაიცემა მუდმივი მდებარეობა (დაცვის ადგილი) ამჟამინდელი ადგილსამყოფელი თაროზე განთავსების ადგილი შეძენის თარიღი სრული შენახვის შიფრი შტრიხკოდი ბოლო ოპერაციის თარიღი ეგზემპლარის მიმდევრობითი ნომერი (კეტერი?) ფასის ძალაში შესვლის თარიღი ეგზემპლარის სახეობა
          ბათუმის შოთა რუსთაველის სახელმწიფო უნივერსიტეტის მთავარი ბიბლიოთეკა ბათუმის შოთა რუსთაველის სახელმწიფო უნივერსიტეტის მთავარი ბიბლიოთეკა წიგნსაცავი 2018-12-17 33 ვ-25 248 დისერტ. 2018-12-17 248 2018-12-17 დისერტაცია